[Event "NED-chB sf"]
[Site "Leeuwarden"]
[Date "2001.12.09"]
[Round "2.2"]
[White "Rosier, Fokke Harm"]
[Black "Wissmann, Dolf"]
[Result "0-1"]
[WhiteElo "1855"]
[BlackElo "2070"]
[PlyCount "49"]
[EventDate "2001.11.17"]
[EventType "k.o."]
[EventRounds "3"]
[EventCountry "NED"]
[SourceTitle "EXT 2003"]
[Source "ChessBase"]
[SourceDate "2002.11.25"]
[SourceVersion "1"]
[SourceVersionDate "2002.11.25"]
[SourceQuality "1"]

1. e4 d6 2. d4 Nf6 3. Nc3 g6 4. Nf3 Bg7 5. h3 0-0 6. Be3 a6 7. a4 Nc6 8. Bc4 e5 9. dxe5 Nxe5 10. Nxe5 dxe5 11. Qe2 Qe7 12. 0-0 Be6 13. Bd3 Nd7 14. Rfd1 f5 15. f3 Kh8 16. Bc4 Nf6 17. a5 Rfd8 18. Na4 fxe4 19. Bxe6 Qxe6 20. Nc5 Qc6 21. Ra3 exf3 22. gxf3 Rxd1+ 23. Qxd1 Nd5 24. Rd3 Nxe3 25. Rd8+ 0-1